La violence et le fanatisme dans le sport = sporda şiddet ve fanatizm (Record no. 372)

MARC details
000 -BAŞLIK
Sabit Uzunlukta Kontrol Alanı 00821na a2200241 4500
001 - KONTROL NUMARASI
Denetim Alanı 13415
003 - KONTROL NUMARASI IDENTIFIER
Denetim Alanı MIRAKIL
005 - SON İŞLEM TARİHİ VE ZAMANI
Denetim Alanı 20181213154747.0
008 - SABİT-BOY VERİ ELEMANLARI - GENEL BİLGİLER
Sabit Uzunlukta Kontrol Alanı 161010b tu 000 0
020 ## - ULUSLARARASI STANDART KİTAP NUMARASI
Uluslararası Standart Kitap Numarası 9758400029
040 ## - KATALOGLAMA KAYNAK
Orijinal Kataloglama Ajansı Milas
Kataloglama Dili tur
Metne Dönüştürmek Ajansı TR-AnCHP
041 ## - DİL KODU
Metin / Ses Parça Veya Ayrı Başlığın Dil Kodu fre
082 ## - DEWEY ONLU SINIFLANDIRMA NUMARASI
Sınıflandırma Numarası 796
Ürün Numarası L28l 2004
090 ## - SINIFLAMA NUMARASI
Sınıflama Numarası 796 L28l 2004
110 ## - ANA GİRİŞ - KURUMSAL ADI
Giriş Elemanı Olarak Kurumsal Ad Veya Yargı Alanı Adı Centre Internatinal d'Etude du Sport
130 ## - ANA GİRİŞ - ÜNİFORM BAŞLIK
Üniforma Başlık La violence et le fanatisme dans le sport : sporda şiddet ve fanatizm
245 ## - BAŞLIK TABLOSU
Başlık La violence et le fanatisme dans le sport = sporda şiddet ve fanatizm
Sorumluluk Tablosu, Vb Centre Internatinal d'Etude du Sport, Universite de Galatasaray, Türkiye Milli Olimpiyat Komitesi
260 ## - YAYIN, DAĞITIM, VB
Yayın, Dağıtım, Vb Yeri İstanbul
Yayıncı, Dağıtıcı, Vs Adı Galatasaray Üniversitesi
Yayın, Dağıtım, Vb Tarihi 2004
300 ## - FİZİKSEL TANIM
Kapsam 456 s.
Boyutlar 25 sm.
650 ## - KONU KATMA GİRİŞ - TOPİKAL DÖNEM
Topikal Süreli Veya Coğrafi Ad Giriş Elemanı Fanatizm (Spor)
650 ## - KONU KATMA GİRİŞ - TOPİKAL DÖNEM
Topikal Süreli Veya Coğrafi Ad Giriş Elemanı Şiddet (Spor)
942 ## - EKLENDİ GİRİŞ ELEMANLARI (KOHA)
Sınıflandırma Veya Raf Düzeni Kaynak
Koha Öğesi Türü Books
999 ## - SİSTEM KONTROL NUMARALARI (KOHA)
Koha Biblionumber 372
Koha Biblioitemnumber 372
Holdings
Kalıcı Konum Mevcut Konum Edinme Tarihi Edinim Kaynak Toplam Check-Out'Lar Tam Çağrı Numarası Barkod Tarih Son Görülme İtibaren Geçerli Fiyatlar Koha Öğesi Türü
CHP Kütüphanesi CHP Kütüphanesi 08/13/2016 Bağış   796 L28l 2004 001184 08/13/2016 08/13/2016 Books